Los fichajes más caros del fútbol - Laterales derechos - 2020-2021 - Estadísticas

Estadísticas generales
  • Esta prueba ha sido intentada 21 veces
  • La puntuación promedio es 5 de 10
Estadísticas de respuestas
Coste (M €) Nacionalidad Último club Nuevo club Jugador % Correcto
43,00 Marruecos Real Madrid Inter Achraf Hakimi
100%
21,00 Estados Unidos Ajax FC Barcelona Sergiño Dest
89%
32,00 Portugal FC Barcelona Wolverhampton Nélson Semedo
84%
16,80 Irlanda Wolverhampton Tottenham Matt Doherty
53%
15,,75 Inglaterra / Polonia Nottingham Forest Aston Villa Matty Cash
53%
13,70 Dinamarca KRC Genk Atalanta Joakim Maehle
42%
10,90 Bélgica Atalanta Leicester City Timothy Castagne
32%
11,00 España Sassuolo Fiorentina Pol Lirola
21%
13,30 Inglaterra Tottenham Southampton Kyle Walker-Peters
16%
10,00 Alemania Mainz VfL Wolfsburgo Ridle Baku
11%
No se encontraron pruebas coincidentes
Distribución de puntuación
Porcentaje de gente con cada puntuación
Porcentaje por número respondido
Historial de tus puntuaciones
No has intentado esta prueba.